Sabri's colours / (Record no. 33148)
[ view plain ]
| 000 -LEADER | |
|---|---|
| fixed length control field | 02608nam a22003615a 4500 |
| 005 - DATE AND TIME OF LATEST TRANSACTION | |
| control field | 20091217155058.0 |
| 008 - FIXED-LENGTH DATA ELEMENTS--GENERAL INFORMATION | |
| fixed length control field | 091120t20092006paua j 001 0 eng |
| 010 ## - LCCN (DPL NO) | |
| LC control number | B-379650-660 |
| 020 ## - INTERNATIONAL STANDARD BOOK NUMBER | |
| International Standard Book Number | 9788181466549 |
| Terms of availability | 135.00 |
| 035 ## - SYSTEM CONTROL NUMBER | |
| System control number | B-379650-660 |
| 037 ## - SOURCE OF ACQUISITION | |
| Source of stock number/acquisition | IPD Alternatives |
| 040 ## - CATALOGING SOURCE | |
| Original cataloging agency | dpl |
| Language of cataloging | English |
| 082 ## - DEWEY DECIMAL CLASSIFICATION NUMBER | |
| Classification number | S |
| 100 ## - MAIN ENTRY--PERSONAL NAME | |
| Personal name | Rinchin |
| 245 ## - TITLE STATEMENT | |
| Title | Sabri's colours / |
| Statement of responsibility, etc | by Rinchin; illustrated by Shailja Jain |
| 260 ## - PUBLICATION, DISTRIBUTION, ETC. (IMPRINT) | |
| Place of publication, distribution, etc | Chennai |
| Name of publisher, distributor, etc | Tulika Publisers |
| Date of publication, distribution, etc | 2009 |
| 270 ## - ADDRESS | |
| Address | 13 Prithvi Avenue First Street, Abhiramapuram |
| City | Chennai |
| Postal code | 600018 |
| 300 ## - PHYSICAL DESCRIPTION | |
| Extent | unpaged : |
| Other physical details | ill. |
| Dimensions | 28cm(pbk) |
| 700 ## - ADDED ENTRY--PERSONAL NAME | |
| Personal name | Jain, Shailija |
| 942 ## - ADDED ENTRY ELEMENTS (KOHA) | |
| Source of classification or shelving scheme | Dewey Decimal Classification |
| Item type | Children Books |
| Call number suffix | RIN |
| Classification part | S |
| Withdrawn status | Lost status | Source of classification or shelving scheme | Damaged status | Not for loan | Collection code | Home library | Current library | Date acquired | Source of acquisition | Cost, normal purchase price | Total Checkouts | Full call number | Barcode | Date last seen | Copy number | Cost, replacement price | Koha item type | Total Renewals |
|---|---|---|---|---|---|---|---|---|---|---|---|---|---|---|---|---|---|---|
| Dewey Decimal Classification | Fiction | Central Library | Central Library | 22/05/2010 | IPD Alternatives/10655/17.2.10/164/27.1.10/3.3.10 | 135.00 | S RIN | B-379654 | 22/05/2010 | 1 | 135.00 | Children Books | ||||||
| Dewey Decimal Classification | Fiction | Janak Puri | Janak Puri | 22/05/2010 | IPD Alternatives/10655/17.2.10/164/27.1.10/3.3.10 | 135.00 | 12 | S RIN | B-379656 | 06/10/2015 | 1 | 135.00 | Children Books | 1 | ||||
| Dewey Decimal Classification | Fiction | Karol Bagh | Karol Bagh | 22/05/2010 | IPD Alternatives/10655/17.2.10/164/27.1.10/3.3.10 | 135.00 | S RIN | B-379659 | 22/05/2010 | 1 | 135.00 | Children Books | ||||||
| Dewey Decimal Classification | Fiction | Mobile Library | Mobile Library | 22/05/2010 | IPD Alternatives/10655/17.2.10/164/27.1.10/3.3.10 | 135.00 | S RIN | B-379650 | 22/05/2010 | 4 | 135.00 | Children Books | ||||||
| Dewey Decimal Classification | Fiction | Mobile Library | Mobile Library | 22/05/2010 | IPD Alternatives/10655/17.2.10/164/27.1.10/3.3.10 | 135.00 | S RIN | B-379651 | 22/05/2010 | 4 | 135.00 | Children Books | ||||||
| Dewey Decimal Classification | Fiction | Mobile Library | Mobile Library | 22/05/2010 | IPD Alternatives/10655/17.2.10/164/27.1.10/3.3.10 | 135.00 | S RIN | B-379652 | 22/05/2010 | 4 | 135.00 | Children Books | ||||||
| Dewey Decimal Classification | Fiction | Mobile Library | Mobile Library | 22/05/2010 | IPD Alternatives/10655/17.2.10/164/27.1.10/3.3.10 | 135.00 | S RIN | B-379653 | 22/05/2010 | 4 | 135.00 | Children Books | ||||||
| Dewey Decimal Classification | Fiction | Patel Nagar | Patel Nagar | 22/05/2010 | IPD Alternatives/10655/17.2.10/164/27.1.10/3.3.10 | 135.00 | S RIN | B-379655 | 22/05/2010 | 1 | 135.00 | Children Books | ||||||
| Dewey Decimal Classification | Fiction | Sarojini Nagar | Sarojini Nagar | 22/05/2010 | IPD Alternatives/10655/17.2.10/164/27.1.10/3.3.10 | 135.00 | 2 | S RIN | B-379657 | 13/05/2019 | 1 | 135.00 | Children Books | |||||
| Written-off vide DLB M. No. 383 dt 16.05.19 | Dewey Decimal Classification | Fiction | Shahdara Branch | Shahdara Branch | 22/05/2010 | IPD Alternatives/10655/17.2.10/164/27.1.10/3.3.10 | 135.00 | S RIN | B-379660 | 22/05/2010 | 1 | 135.00 | Children Books | |||||
| Dewey Decimal Classification | Fiction | Vinoba Puri | Vinoba Puri | 22/05/2010 | IPD Alternatives/10655/17.2.10/164/27.1.10/3.3.10 | 135.00 | 2 | S RIN | B-379658 | 14/02/2024 | 1 | 135.00 | Children Books |
